000 00973cam a2200241 4500
001 ##L134092
008 060710n2004 000 0 eng u
020 _a185604534X
035 _a(Sirsi) u134092
041 0 _aeng
050 0 4 _a025.52 $2 18
100 1 _aDuckett, Bob
245 0 0 _aKnow it all, find it fast
_ban A-Z source guide for the enquiry desk
250 _a2nd ed.
260 _aLondon
_bFacet Publishing
_c2004
300 _a368p.
_c24cm.
350 _a26.95
520 _aIntended as a first point of reference for answering enquiries in a library, and laid out A to Z by subject. Starts with general sources, and then for each subject, covers commonly available sources in print format, electronic format (mostly free web sites) and useful contacts for referral purposes. Advises on common pitfalls.
690 _aRICS SERVICES-RICS LIBRARY AND INFORMATION SERVICES
700 1 _aWalker, Peter
700 1 _aDonnelly, Christinea
942 _n0
999 _c105538
_d105538